| 000 | 00699nam a22002177a 4500 | ||
|---|---|---|---|
| 008 | 151023b xxu||||| |||| 00| 0 eng d | ||
| 020 | _a053451295X | ||
| 041 | 0 | _aeng | |
| 080 | _a004.272.23 | ||
| 100 | 1 | _aEastman, Susan Tyler. | |
| 245 | 1 | 0 |
_aBroadcast/cable/web programming : _cSusan Tyler Eastman, Douglas A. Ferguson. |
| 250 | _a6th ed. | ||
| 260 |
_aBelmont, CA : _bWadsworth/Thomson Learning, _c2002. |
||
| 300 |
_axiv, 466 f. : _bme il.; _c25 cm. |
||
| 650 | 0 |
_aProgramet televizive _xPlanifikimi |
|
| 650 | 0 | _aProgramet në radio | |
| 650 | 0 | _aTelevizori me kabëll | |
| 700 | 1 | _aFerguson, Douglas A. | |
| 700 | 1 | _aEastman, Susan Tyler. | |
| 942 |
_2udc _cBK |
||
| 999 |
_c1342 _d1342 |
||